Personnages de dessins animés en images - P - Statistiques

Statistiques générales
  • Ce quiz a été pris 776 fois
  • Le résultat moyen est 11 sur 16
Statistiques - réponses
Par images Réponse % Correct
Po Ping
100%
Peter Pan
98%
Pinocchio
96%
Pluto
92%
Pocahontas
92%
Peur
90%
Panpan
87%
Polochon
76%
Pascal
68%
Prof
67%
Pumbaa
59%
Pongo
43%
Pucca
37%
Poppy
34%
Pua
29%
Pacha
18%
Aucun quiz correspondant
Distribution des résultats
% des personnes avec chaque résultat
Percentile par nombre de réponses
Votre historique - résultats
Vous n’avez pas pris ce quiz